Normal view
MARC view
- Accountants-Internet
Entry Topical Term
001 - CONTROL NUMBER
- control field: 3432
003 - CONTROL NUMBER IDENTIFIER
- control field: JO-AjAnu
005 - DATE AND TIME OF LATEST TRANSACTION
- control field: 20230606070851.0
008 - FIXED-LENGTH DATA ELEMENTS
- fixed length control field: 230606|| aca||aabn | a|a d
040 ## - CATALOGING SOURCE
- Original cataloging agency: JO-AjAnu
- Transcribing agency: JO-AjAnu
150 ## - HEADING--TOPICAL TERM
- Topical term or geographic name entry element: Accountants-Internet
670 ## - SOURCE DATA FOUND
- Source citation: Work cat.: (JO-AjAnu)1791: Kogan,Alexander/Sudit,Ephraim F/ Vasarhelyi,Miklos A, author 3431, The Internet Guide for Accountants